|
|
|
|
| LEADER |
00000nam0a2200000 4500 |
| 001 |
196070 |
| 005 |
20231101224652.0 |
| 010 |
|
|
|a 9785498079431
|
| 035 |
|
|
|a (RuTPU)RU\TPU\book\213905
|
| 090 |
|
|
|a 196070
|
| 100 |
|
|
|a 20110518d2011 km y0rusy50 ca
|
| 101 |
0 |
|
|a rus
|
| 102 |
|
|
|a RU
|
| 105 |
|
|
|a a z 001zy
|
| 200 |
1 |
|
|a Профессиональный маркетинг
|f А. В. Иванов
|
| 210 |
|
|
|a СПб.
|c Питер
|d 2011
|
| 215 |
|
|
|a 496 с.
|c ил.
|
| 225 |
1 |
|
|a Маркетинг для профессионалов
|
| 330 |
|
|
|a Эта книга полностью основана на опыте работы крупнейших российских и европейских компаний. Все подходы и методики, которые предлагает автор, рассчитаны на практическое применение в российских реалиях. Автор описал, измерил и систематизировал все понятия и категории маркетинга — от стратегии до потребительской лояльности, от цены до стоимости бренда. Раскрыл связь маркетинга с финансами, инвестициями и стоимостью бизнеса. Впервые для широкой читательской аудитории открыты методики, которыми пользуются лучшие консультанты мира. Книга предназначена для руководителей и сотрудников отделов маркетинга, бренд-менеджеров, слушателей программ МВА.
|
| 606 |
1 |
|
|a Маркетинг
|2 stltpush
|3 (RuTPU)RU\TPU\subj\41036
|9 60857
|
| 610 |
1 |
|
|a маркетинговая деятельность
|
| 610 |
1 |
|
|a маркетинговая организация
|
| 610 |
1 |
|
|a стратегии
|
| 610 |
1 |
|
|a стратегический маркетинг
|
| 610 |
1 |
|
|a рекламные кампании
|
| 610 |
1 |
|
|a PR
|
| 610 |
1 |
|
|a бизнес-прогнозирование
|
| 610 |
1 |
|
|a маркетинговый анализ
|
| 610 |
1 |
|
|a потребители
|
| 610 |
1 |
|
|a торговые марки
|
| 610 |
1 |
|
|a бренды
|
| 610 |
1 |
|
|a стоимость
|
| 610 |
1 |
|
|a управление
|
| 686 |
|
|
|a У9(2)212.4
|v LBC/SL-A
|2 rubbk
|
| 700 |
|
1 |
|a Иванов
|b А. В.
|g Антон Владимирович
|
| 801 |
|
1 |
|a RU
|b 63413507
|c 20110518
|
| 801 |
|
2 |
|a RU
|b 63413507
|c 20150519
|g RCR
|
| 900 |
|
|
|a Маркетинг
|
| 942 |
|
|
|c BK
|
| 959 |
|
|
|a 52/20110518
|d 2
|e 199,00
|f ЧЗГЛ:1
|f АНЛ:1
|